[Event "Online Olym Div4 B"]
[Site "Chess.com INT"]
[Date "2021.08.21"]
[Round "5.4"]
[White "Msukwa, Tupokiwe"]
[Black "Alawadhi, Amenah"]
[Result "0-1"]
[WhiteElo "1345"]
[BlackElo "1318"]
[PlyCount "117"]
[EventDate "2021.08.20"]
[EventType "team (rapid)"]
[EventRounds "11"]
[EventCountry "USA"]
[SourceTitle "CBM 203 Extra"]
[Source "ChessBase"]
[SourceDate "2021.09.30"]
[SourceVersion "1"]
[SourceVersionDate "2021.09.30"]
[SourceQuality "1"]
[WhiteTeam "Malawi"]
[BlackTeam "Kuwait"]
[WhiteTeamCountry "MWI"]
[BlackTeamCountry "KUW"]

1. d4 Nf6 2. c4 e6 3. a3 d5 4. Nc3 c5 5. Nf3 Nc6 6. e3 a6 7. dxc5 Bxc5 8. b4 Be7 9. cxd5 Nxd5 10. Nxd5 Qxd5 11. Qxd5 exd5 12. Bb2 0-0 13. Be2 Bf5 14. 0-0 Rfd8 15. Rfd1 Rac8 16. Rd2 g5 17. h3 h5 18. Nd4 Bg6 19. Rad1 Nxd4 20. Bxd4 h4 21. Bb6 Re8 22. Rxd5 Be4 23. Re5 Bc2 24. Rd7 Bf6 25. Rxe8+ Rxe8 26. Rxb7 Bb2 27. Bxa6 Bxa3 28. Bc4 Bg6 29. Bc5 Re4 30. Bd5 Re5 31. Rb8+ Kh7 32. Bd4 Be4 33. Bxe5 Bxd5 34. b5 Kg6 35. b6 f6 36. Bc7 Bc5 37. Rd8 Bb7 38. Kf1 Kf5 39. Ke2 Be7 40. Rd7 Bc5 41. Bd8 Bc8 42. Rc7 Ba6+ 43. Kf3 Bxb6 44. Rd7 Bc8 45. Rd1 Bb7+ 46. Ke2 Ba6+ 47. Kd2 Bxd8 48. Kc3 Ba5+ 49. Kd4 Be2 50. Rb1 Bc7 51. Kc5 Bd3 52. f3 Bxb1 53. Kd4 Bg3 54. e4+ Kf4 55. Kd5 Ke3 56. Ke6 Be5 57. Kf5 Kf2 58. Kg4 Kxg2 59. f4 0-1

[Event "Online Olym Div4 B"]
[Site "Chess.com INT"]
[Date "2020.08.02"]
[Round "9.5"]
[White "Mahmoud, Roula"]
[Black "Alawadhi, Amenah"]
[Result "1-0"]
[WhiteElo "1771"]
[BlackElo "1327"]
[PlyCount "57"]
[EventDate "2020.07.31"]
[EventType "team-tourn (rapid)"]
[EventRounds "9"]
[EventCountry "USA"]
[SourceTitle "CBM 198"]
[Source "ChessBase"]
[SourceDate "2020.10.31"]
[SourceVersion "1"]
[SourceVersionDate "2020.10.31"]
[SourceQuality "1"]
[WhiteTeam "Syria"]
[BlackTeam "Kuwait"]
[WhiteTeamCountry "SYR"]
[BlackTeamCountry "KUW"]

1. e4 c6 2. d3 d5 3. Nd2 dxe4 4. dxe4 Nd7 5. Ngf3 e5 6. Bc4 h6 7. 0-0 Ngf6 8. Re1 Be7 9. Nf1 0-0 10. Be3 c5 11. Ng3 Qa5 12. Nf5 Bd8 13. N3h4 b5 14. Bd5 Rb8 15. Ng6 Nxd5 16. Qxd5 Nf6 17. Nge7+ Bxe7 18. Nxe7+ Kh7 19. Qxe5 c4 20. Qxb8 Qd8 21. Qxc8 Qxe7 22. Qf5+ g6 23. Qxb5 Ng4 24. Qc5 Qh4 25. h3 Nxe3 26. Qxf8 Nxc2 27. Qxf7+ Kh8 28. Rad1 Nxe1 29. Qf8+ 1-0

[Event "Online Olym Div4 B"]
[Site "Chess.com INT"]
[Date "2020.07.31"]
[Round "3.2"]
[White "Al Khelaifi, Kholoud"]
[Black "Alawadhi, Amenah"]
[Result "1/2-1/2"]
[WhiteElo "1507"]
[BlackElo "1327"]
[PlyCount "86"]
[EventDate "2020.07.31"]
[EventType "team-tourn (rapid)"]
[EventRounds "9"]
[EventCountry "USA"]
[SourceTitle "CBM 198"]
[Source "ChessBase"]
[SourceDate "2020.10.31"]
[SourceVersion "1"]
[SourceVersionDate "2020.10.31"]
[SourceQuality "1"]
[WhiteTeam "Qatar"]
[BlackTeam "Kuwait"]
[WhiteTeamCountry "QAT"]
[BlackTeamCountry "KUW"]

1. d4 d5 2. e3 e6 3. f4 Nh6 4. Nf3 Be7 5. Bd3 c5 6. c3 Nd7 7. 0-0 Ng4 8. Ne5 Ngf6 9. Nd2 0-0 10. Qe1 a5 11. a4 Qc7 12. Ndf3 b6 13. Bd2 Ba6 14. Bxa6 Rxa6 15. Qe2 Raa8 16. Be1 Ne4 17. Bh4 Bxh4 18. Nxh4 Ndf6 19. Nhf3 h6 20. Rab1 Rfd8 21. Rfc1 Qd6 22. Qb5 c4 23. Qc6 Qxc6 24. Nxc6 Rd6 25. Nce5 g5 26. fxg5 Nxg5 27. Nxg5 hxg5 28. Rf1 Kg7 29. Rbe1 Rf8 30. Re2 Ne4 31. h3 Ng3 32. Ref2 Nxf1 33. Rxf1 f5 34. Nf3 Kh6 35. Ne5 Kg7 36. Nf3 g4 37. Ne5 gxh3 38. gxh3 Kf6 39. Kh2 Rg8 40. Rf2 Ke7 41. Re2 Rg7 42. Rf2 Rg8 43. Rf3 Rg7 1/2-1/2

[Event "Online Olym Div4 B"]
[Site "Chess.com INT"]
[Date "2020.07.31"]
[Round "2.5"]
[White "Alawadhi, Amenah"]
[Black "Uwase, Joselyne"]
[Result "1-0"]
[WhiteElo "1327"]
[BlackElo "1553"]
[PlyCount "33"]
[EventDate "2020.07.31"]
[EventType "team-tourn (rapid)"]
[EventRounds "9"]
[EventCountry "USA"]
[SourceTitle "CBM 198"]
[Source "ChessBase"]
[SourceDate "2020.10.31"]
[SourceVersion "1"]
[SourceVersionDate "2020.10.31"]
[SourceQuality "1"]
[WhiteTeam "Kuwait"]
[BlackTeam "Rwanda"]
[WhiteTeamCountry "KUW"]
[BlackTeamCountry "RWA"]

1. d4 d5 2. Bf4 Nc6 3. e3 a6 4. Nf3 Bg4 5. c4 e6 6. a3 Bd6 7. Bxd6 cxd6 8. cxd5 exd5 9. Nbd2 Nf6 10. Bd3 0-0 11. 0-0 Qe7 12. Qb3 Rab8 13. Rac1 Ne4 14. Qxd5 Nxd2 15. Nxd2 Be6 16. Qe4 Qf6 17. Qxh7# 1-0

[Event "Gulf-ch Amateur (Women)"]
[Site "Kuwait"]
[Date "2019.10.22"]
[Round "2"]
[White "Al Khelaifi, Salama"]
[Black "Alawadhi, Amenah"]
[Result "1-0"]
[WhiteElo "1797"]
[BlackElo "1305"]
[PlyCount "106"]
[EventDate "2019.10.21"]
[EventType "swiss"]
[EventRounds "9"]
[EventCountry "KUW"]
[SourceTitle "CBM 195 Extra"]
[Source "ChessBase"]
[SourceDate "2020.05.31"]
[SourceVersion "1"]
[SourceVersionDate "2020.05.31"]
[SourceQuality "1"]

1. d4 Nf6 2. Nc3 e6 3. e4 d5 4. Bg5 dxe4 5. Nxe4 Be7 6. Bxf6 gxf6 7. Nf3 a6 8. Qd2 Qd5 9. Nc3 Qa5 10. Bd3 Nd7 11. Ne4 Qxd2+ 12. Nexd2 Nb6 13. 0-0-0 Bd7 14. Rhe1 0-0-0 15. Ne4 Nd5 16. g3 Bc6 17. a3 h6 18. c3 Ba4 19. Bc2 Bc6 20. Ned2 Bxa3 21. c4 Nc3 22. bxa3 Nxd1 23. Rxd1 b6 24. Be4 Ba4 25. Re1 Rhg8 26. h3 c6 27. Kb2 Kc7 28. Kc3 c5 29. d5 f5 30. Bd3 Bd7 31. Ne5 Rg7 32. Nxd7 Kxd7 33. Nf3 Re8 34. Bc2 Kd6 35. Rd1 e5 36. Bxf5 e4 37. Re1 Rgg8 38. Rxe4 Rxe4 39. Bxe4 Rf8 40. Nh4 Ke5 41. f3 Rg8 42. Nf5 f6 43. Nxh6 Rxg3 44. h4 Rg1 45. Ng4+ Kd6 46. Nxf6 Rc1+ 47. Kb3 a5 48. h5 Rh1 49. Ne8+ Kd7 50. Ng7 Kd6 51. h6 Ke7 52. h7 Kd6 53. Bg6 Rh3 1-0

[Event "KUW-ch sf"]
[Site "Kuwait"]
[Date "2018.11.19"]
[Round "4"]
[White "Hussain, Hashem"]
[Black "Alawadhi, Amenah"]
[Result "1-0"]
[WhiteElo "1695"]
[BlackElo "1368"]
[PlyCount "34"]
[EventDate "2018.11.16"]
[EventType "swiss"]
[EventRounds "9"]
[EventCountry "KUW"]
[SourceTitle "CBM 187 Extra"]
[Source "ChessBase"]
[SourceDate "2018.11.04"]
[SourceVersion "1"]
[SourceVersionDate "2018.11.04"]
[SourceQuality "1"]

1. e4 e6 2. d3 c5 3. g3 Nc6 4. Bg2 Nge7 5. f4 d6 6. Be3 g6 7. Nf3 Bg7 8. c3 e5 9. 0-0 0-0 10. Nbd2 h6 11. a4 f5 12. fxe5 Nxe5 13. Nxe5 Bxe5 14. Bxh6 Rf7 15. Nc4 Bf6 16. Bf4 d5 17. Nd6 Rh7 1-0

[Event "Olympiad Women-43"]
[Site "Batumi"]
[Date "2018.10.02"]
[Round "8.3"]
[White "Figaro, Dericka"]
[Black "Alawadhi, Amenah"]
[Result "1-0"]
[WhiteElo "1671"]
[BlackElo "1374"]
[PlyCount "32"]
[EventDate "2018.09.24"]
[EventType "team-swiss"]
[EventRounds "11"]
[EventCountry "GEO"]
[SourceTitle "EXT 2020"]
[Source "ChessBase"]
[SourceDate "2019.10.17"]
[SourceVersion "1"]
[SourceVersionDate "2019.10.17"]
[SourceQuality "1"]
[WhiteTeam "Seychelles (W)"]
[BlackTeam "Kuwait (W)"]
[WhiteTeamCountry "SEY"]
[BlackTeamCountry "KUW"]

1. d4 Nf6 2. c4 e6 3. Nf3 d5 4. Bg5 h6 5. Bh4 Bb4+ 6. Nbd2 dxc4 7. e3 Nbd7 8. Bxf6 Nxf6 9. Qa4+ Bd7 10. Qxb4 b5 11. Be2 Nd5 12. Qc5 a5 13. a4 Nb4 14. 0-0 Na6 15. Qe5 f6 16. Qh5+ Ke7 1-0

[Event "Olympiad Women-43"]
[Site "Batumi"]
[Date "2018.09.30"]
[Round "6.71"]
[White "Felix, Tobi"]
[Black "Alawadhi, Amenah"]
[Result "1-0"]
[WhiteElo "1468"]
[BlackElo "1374"]
[PlyCount "106"]
[EventDate "2018.09.24"]
[EventType "team-swiss"]
[EventRounds "11"]
[EventCountry "GEO"]
[SourceTitle "EXT 2020"]
[Source "ChessBase"]
[SourceDate "2019.10.17"]
[SourceVersion "1"]
[SourceVersionDate "2019.10.17"]
[SourceQuality "1"]
[WhiteTeam "Ghana (W)"]
[BlackTeam "Kuwait (W)"]
[WhiteTeamCountry "GHA"]
[BlackTeamCountry "KUW"]

1. d4 Nf6 2. Bf4 d5 3. e3 c5 4. c3 Nc6 5. Nd2 e6 6. Ngf3 Bd6 7. Bxd6 Qxd6 8. Bd3 0-0 9. 0-0 e5 10. dxe5 Nxe5 11. Nxe5 Qxe5 12. Nf3 Qh5 13. Qa4 c4 14. Be2 Bd7 15. Qb4 a5 16. Qd6 Bg4 17. h3 Bxf3 18. Bxf3 Qf5 19. Rfd1 Rad8 20. Qb6 Rd7 21. Qxa5 Rfd8 22. Rd2 Rd6 23. Rad1 Ne4 24. Bxe4 Qxe4 25. Rxd5 Qxd5 26. Rxd5 Rxd5 27. Qb6 R5d7 28. Kh2 g6 29. f3 Kg7 30. Qc5 Rd2 31. Qb6 R8d7 32. Kg3 R2d6 33. Qb5 Rc6 34. a4 Rdc7 35. Qd5 Rc5 36. Qd8 Rc8 37. Qd7 R8c7 38. Qd4+ Kf8 39. Qh8+ Ke7 40. Qxh7 Ra5 41. Qh4+ Ke8 42. Qe4+ Kd7 43. Qd4+ Ke6 44. Qb6+ Kd5 45. Qxa5+ Rc5 46. Qd8+ Kc6 47. Qe8+ Kb6 48. Qxf7 Rc6 49. Qe8 Ka5 50. Qa8+ Kb6 51. Qd8+ Ka7 52. e4 Ra6 53. Qd4+ Kb8 1-0

[Event "World Amateur-ch U1700 (Women)"]
[Site "Cagliari"]
[Date "2018.04.23"]
[Round "3"]
[White "Khaliun, Batnasan"]
[Black "Alawadhi, Amenah"]
[Result "1-0"]
[WhiteElo "1415"]
[BlackElo "1411"]
[PlyCount "55"]
[EventDate "2018.04.22"]
[EventType "swiss"]
[EventRounds "9"]
[EventCountry "ITA"]
[SourceTitle "CBM 184 Extra"]
[Source "ChessBase"]
[SourceDate "2018.06.28"]
[SourceVersion "1"]
[SourceVersionDate "2018.06.28"]
[SourceQuality "1"]

1. d4 Nf6 2. Nf3 e6 3. c4 d5 4. g3 Be7 5. Bg2 0-0 6. 0-0 c6 7. Nc3 b6 8. Ne5 Ba6 9. b3 Bb7 10. Bb2 Nbd7 11. Nd3 Qc7 12. Rc1 Qd8 13. Re1 Re8 14. e4 dxe4 15. Nxe4 Rc8 16. Qc2 Qc7 17. c5 Nxe4 18. Bxe4 Nf6 19. Bg2 Nd5 20. Rcd1 Bf8 21. a3 bxc5 22. dxc5 a5 23. Ne5 Qe7 24. Rc1 g6 25. Ng4 Bg7 26. Qd2 Bxb2 27. Qxb2 Kf8 28. Qh8# 1-0

[Event "Kuwait Masters Group C"]
[Site "Kuwait"]
[Date "2017.08.07"]
[Round "5.2"]
[White "Alawadhi, Amenah"]
[Black "Ibrahim, Ammar"]
[Result "1/2-1/2"]
[WhiteElo "1438"]
[BlackElo "1414"]
[PlyCount "61"]
[EventDate "2017.08.02"]
[EventType "tourn"]
[EventRounds "7"]
[EventCountry "KUW"]
[SourceTitle "EXT 2024"]
[Source "ChessBase"]
[SourceDate "2023.10.10"]
[SourceVersion "1"]
[SourceVersionDate "2023.10.10"]
[SourceQuality "1"]

1. d4 Nf6 2. c4 g6 3. Nc3 Bg7 4. e4 d6 5. f4 0-0 6. Nf3 c5 7. d5 e6 8. Be2 exd5 9. cxd5 Re8 10. e5 dxe5 11. fxe5 Ng4 12. e6 fxe6 13. d6 Nc6 14. 0-0 Nge5 15. Nb5 Rf8 16. Kh1 Bd7 17. Bg5 Qb6 18. a4 Nxf3 19. Bxf3 Rf5 20. Be7 Re8 21. Bxc6 Rxf1+ 22. Qxf1 bxc6 23. Qf2 cxb5 24. Rf1 h5 25. Qf7+ Kh7 26. Rf6 bxa4 27. Qxg6+ Kg8 28. Qf7+ Kh8 29. Qxh5+ Kg8 30. Qf7+ Kh8 31. Qh5+ 1/2-1/2